000 00219nam a22000857a 4500
999 _c11547
_d11547
008 190618b ||||| |||| 00| 0 eng d
100 _aGraham G,B
_97256
245 _aOne Wintry Night
260 _aChina
_b Thomas Nelson
_c2012